01773cam a2200385 i 4500001001400000003000800014005001700022006001900039007001500058008004100073020003800114040003500152049002600187050002000213082001800233245008000251264005900331300002200390336002100412337002300433338003200456504005100488520037900539521001700918588009400935650003501029650004801064655002901112700004101141710001601182776003501198856011901233942001601352999001901368EDZ0000175490StDuBDS20161031105232.0m||||||||d||||||||cr |||||||||||131127s2014 cau fo| 001|0|eng|d a9781483346663 (ebook) :cNo price aStDuBDSbengcStDuBDSerdaepn aAlfaisal Main Library 0aHV95b.E58 201404a361.9730322300aEncyclopedia of human services and diversity /cLinwood H. Cousins, editor. 1aThousand Oaks, California :bSAGE Publications,c2014. a1 online resource atext2rdacontent acomputer2rdamedia aonline resource2rdacarrier aIncludes bibliographical references and index.8 aEncyclopedia of Human Services and Diversity is the first encyclopedia to reflect the changes in the mission of human services professionals as they face today's increasingly diverse service population. It provides human services students, professors, librarians, and practitioners the reference information they need to meet the needs of an increasingly diverse population. aSpecialized. aDescription based on online resource; title from home page (viewed on December 22, 2014). 0aSocial servicezUnited States. 0aSocial work with minoritieszUnited States. 7aElectronic books.2local1 aCousins, Linwood H.,d1955-eeditor.2 aSage eBooks08iPrint version :z978145228748540uhttp://ezproxy.alfaisal.edu/login?url=http://sk.sagepub.com/reference/encyclopedia-of-human-services-and-diversity 2lcccEBOOKS c482338d482338